Diccionario de retórica y poética / (Record no. 185031)

MARC details
000 -LEADER
campo de control de longitud fija 01019nam a2200265 i 4500
001 - NÚMERO DE CONTROL
campo de control 185031
003 - IDENTIFICADOR DE NÚMERO DE CONTROL
campo de control SpMaBN
005 - FECHA Y HORA DE LA ÚLTIMA TRANSACCIÓN
campo de control 20250720063102.0
008 - DATOS DE LONGITUD FIJA--INFORMACIÓN GENERAL
campo de control de longitud fija 160307s1985 mx d |||| | spa d
020 ## - NÚMERO INTERNACIONAL ESTÁNDAR DEL LIBRO
Número Internacional Estándar del Libro 968-432-993-8
080 ## - NÚMERO DE LA CLASIFICACIÓN DECIMAL UNIVERSAL
Número de la Clasificación Decimal Universal 82.08(038)
080 ## - NÚMERO DE LA CLASIFICACIÓN DECIMAL UNIVERSAL
Número de la Clasificación Decimal Universal 82-1.08(038)
100 1# - ENTRADA PRINCIPAL--NOMBRE DE PERSONA
Nombre de persona Beristáin, Helena,
Fechas asociadas al nombre 1927-
9 (RLIN) 158988
245 10 - MENCIÓN DEL TÍTULO
Título Diccionario de retórica y poética /
Mención de responsabilidad, etc. Helena Beristáin.
250 ## - MENCION DE EDICION
Mención de edición 1ª ed.
260 ## - PUBLICACIÓN, DISTRIBUCIÓN, ETC.
Lugar de publicación, distribución, etc. México, D.F. :
Nombre del editor, distribuidor, etc. Porrúa,
Fecha de publicación, distribución, etc. 1985.
300 ## - DESCRIPCIÓN FÍSICA
Extensión 508 p. :
Otras características físicas gráf. ;
Dimensiones 21 cm.
504 ## - NOTA DE BIBLIOGRAFÍA, ETC.
Nota de bibliografía, etc. Bibliografía: p. 499-508.
594 ## - Nota al título y mención de responsabilidad
Nota al título y mención de responsabilidad En anteport.: "Investigación realizada en el Instituto de Investigaciones Filológicas de la Universidad Nacional Autónoma de México"
650 07 - PUNTO DE ACCESO ADICIONAL DE MATERIA--TÉRMINO DE MATERIA
Término de materia o nombre geográfico como elemento de entrada Retórica-
Subdivisión de forma Diccionarios.
9 (RLIN) 16883
650 07 - PUNTO DE ACCESO ADICIONAL DE MATERIA--TÉRMINO DE MATERIA
Término de materia o nombre geográfico como elemento de entrada Poética-
Subdivisión de forma Diccionarios.
9 (RLIN) 16255
710 2# - ENTRADA AGREGADA--NOMBRE DE ENTIDAD CORPORATIVA
Nombre de entidad corporativa o nombre de jurisdicción como elemento de entrada Universidad Nacional Autónoma de México.
Unidad subordinada Instituto de Investigaciones Filológicas.
9 (RLIN) 158989
852 ## - LOCALIZACIÓN
Ubicación ES-MaACL
Número de control de estantería L-30252
Nota libre . - Donat. Miguel A. Velasco
Holdings
Estatus retirado Estado de pérdida Estado de daño No para préstamo Colección Biblioteca de origen Biblioteca actual Ubicación en estantería Fecha de adquisición Fuente de adquisición Total de préstamos Signatura topográfica completa Código de barras Visto por última vez Precio de reemplazo Tipo de ítem Koha
        Colección de referencia Biblioteca del Ateneo de Madrid Biblioteca del Ateneo de Madrid Depósito 2 07/03/2016     L-30252 1194891 23/02/2023 23/02/2023 Libro impreso